000 00450nam a22001817a 4500
003 CEME
005 20210628202529.0
008 210122b xxu||||| |||| 00| 0 eng d
020 _a0-8493-7188-0
040 _c.
082 _a537.2 KAI
100 _aKaiser, Kenneth .L
_960374
245 _aElectrostatic discharge
260 _aNEW YORK
_bTAYLOR AND FRANCIS
_c2005
300 _aIX,213 P
650 _aELECTROSTATICS
_940048
942 _cBK
_2ddc
999 _c570111
_d570111